[Event "GER-ch Net qual3 U14"]
[Site "Playchess.com INT"]
[Date "2009.05.17"]
[Round "1"]
[White "Baier, Felix"]
[Black "Walberer, Marcel"]
[Result "0-1"]
[WhiteElo "1523"]
[BlackElo "1261"]
[PlyCount "92"]
[EventDate "2009.05.17"]
[EventType "swiss (blitz)"]
[EventRounds "7"]
[EventCountry "GER"]
[SourceTitle "CBM 130 Extra"]
[Source "ChessBase"]
[SourceDate "2009.07.02"]
[SourceVersion "2"]
[SourceVersionDate "2009.07.15"]
[SourceQuality "1"]

1. e4 e5 2. Bc4 Nc6 3. Nf3 Nf6 4. d3 Be7 5. 0-0 0-0 6. Bb3 Nd4 7. c3 Nxb3 8. axb3 d6 9. Nbd2 Bg4 10. h3 Be6 11. Re1 c6 12. Nf1 d5 13. Ng3 dxe4 14. Nxe4 Nxe4 15. Rxe4 Bf5 16. Rxe5 Bg6 17. d4 Bf6 18. Re4 Bxe4 19. Qe2 Bxf3 20. Qxf3 Bg5 21. Qg3 Bxc1 22. Rxc1 Re8 23. h4 Qb8 24. Qg4 Qc8 25. Qg3 Qb8 26. Qg4 Qd8 27. h5 Qe7 28. h6 g6 29. Kh2 f5 30. Qg3 b6 31. b4 c5 32. bxc5 bxc5 33. d5 Qe5 34. f4 Qxd5 35. c4 Qf7 36. Qc3 Rf8 37. Rd1 Qf6 38. Qd3 Qd4 39. Qf3 Qe4 40. Qc3 Qe7 41. Re1 Qf7 42. Qd3 Rad8 43. Qc3 Qf6 44. Qe3 Rfe8 45. Qd2 Rxd2 46. Rxe8+ Kf7 0-1

[Event "GER-ch Net qual3 U14"]
[Site "Playchess.com INT"]
[Date "2009.05.17"]
[Round "4"]
[White "Walberer, Marcel"]
[Black "Gross, Dennis"]
[Result "0-1"]
[WhiteElo "1261"]
[BlackElo "1541"]
[PlyCount "104"]
[EventDate "2009.05.17"]
[EventType "swiss (blitz)"]
[EventRounds "7"]
[EventCountry "GER"]
[SourceTitle "CBM 130 Extra"]
[Source "ChessBase"]
[SourceDate "2009.07.02"]
[SourceVersion "2"]
[SourceVersionDate "2009.07.15"]
[SourceQuality "1"]

1. e4 e6 2. Nf3 d5 3. e5 c5 4. d3 Nc6 5. Bf4 f6 6. exf6 Nxf6 7. Bg5 Be7 8. c4 dxc4 9. dxc4 Qxd1+ 10. Kxd1 h6 11. Be3 Bd7 12. Nc3 0-0-0 13. Ke1 Nb4 14. Ke2 Ba4 15. Ne5 Rhf8 16. Ng6 Rfe8 17. Nxe7+ Rxe7 18. Nxa4 Nc2 19. Rc1 Nxe3 20. Kxe3 b6 21. Ke2 Red7 22. Nc3 Rd2+ 23. Kf3 e5 24. b3 Rxa2 25. Nxa2 e4+ 26. Kg3 g5 27. f4 Nh5+ 28. Kg4 Nf6+ 29. Kh3 g4+ 30. Kg3 h5 31. h3 e3 32. Be2 Rh8 33. hxg4 Rg8 34. Kf3 hxg4+ 35. Kg3 Ne4+ 36. Kh2 g3+ 37. Kg1 Nf2 38. Rh5 Rf8 39. Rh4 Rd8 40. Bg4+ Kb7 41. Rh7+ Ka6 42. Nc3 Rd2 43. Nb5 Ka5 44. Nxa7 Nxg4 45. Ra1+ Kb4 46. Nc6+ Kxb3 47. Ne5 Nf2 48. Rb1+ Kc2 49. Rf1 e2 50. Nf3 Rd1 51. Rxd1 exd1Q+ 52. Ne1+ Qxe1# 0-1

[Event "GER-ch Net qual3 U14"]
[Site "Playchess.com INT"]
[Date "2009.05.17"]
[Round "2"]
[White "Walberer, Marcel"]
[Black "Stanau, Guido"]
[Result "0-1"]
[WhiteElo "1261"]
[BlackElo "1671"]
[PlyCount "130"]
[EventDate "2009.05.17"]
[EventType "swiss (blitz)"]
[EventRounds "7"]
[EventCountry "GER"]
[SourceTitle "CBM 130 Extra"]
[Source "ChessBase"]
[SourceDate "2009.07.02"]
[SourceVersion "2"]
[SourceVersionDate "2009.07.15"]
[SourceQuality "1"]

1. e4 d5 2. exd5 Nf6 3. Nc3 Nxd5 4. Nxd5 Qxd5 5. Qf3 e6 6. Qd1 Bd7 7. b3 Be7 8. Bc4 Qxg2 9. Qf3 Qxf3 10. Nxf3 Bc6 11. Be2 Nd7 12. 0-0 0-0-0 13. Nd4 Ne5 14. Nxc6 Nxc6 15. Bf3 Nd4 16. Bd1 Bf6 17. c3 Nf5 18. d4 h5 19. f3 Nxd4 20. Rb1 Nc6 21. Kh1 Bxc3 22. Bb2 Bxb2 23. Rxb2 g5 24. Rg2 f6 25. h3 Rd4 26. Re2 Ne5 27. Bc2 Rhd8 28. Kg2 Rd2 29. Rff2 R2d4 30. Kh2 Rd2 31. Rxd2 Rxd2 32. Rxd2 Nxf3+ 33. Kg2 Nxd2 34. Bg6 h4 35. Bf7 Kd7 36. Bg6 f5 37. Bh5 Nb1 38. Be2 Nc3 39. Bf3 c6 40. a3 e5 41. Bh5 Ke7 42. Bg6 Kf6 43. Bh5 e4 44. Kf2 b5 45. Ke3 c5 46. b4 cxb4 47. a4 bxa4 48. Kd4 a3 49. Kc4 a2 50. Kxb4 a1Q 51. Kc4 Qa4+ 52. Kxc3 Qa3+ 53. Kd2 Qxh3 54. Ke2 g4 55. Be8 f4 56. Bd7 f3+ 57. Ke3 Ke5 58. Bc8 a5 59. Bd7 a4 60. Bxa4 g3 61. Bd1 g2 62. Bxf3 Qxf3+ 63. Kd2 g1R 64. Kc2 Rg2+ 65. Kc1 Qf1# 0-1

[Event "GER-ch Net qual3 U14"]
[Site "Playchess.com INT"]
[Date "2009.05.17"]
[Round "3"]
[White "Wastian, Jan"]
[Black "Walberer, Marcel"]
[Result "1-0"]
[WhiteElo "1529"]
[BlackElo "1261"]
[PlyCount "29"]
[EventDate "2009.05.17"]
[EventType "swiss (blitz)"]
[EventRounds "7"]
[EventCountry "GER"]
[SourceTitle "CBM 130 Extra"]
[Source "ChessBase"]
[SourceDate "2009.07.02"]
[SourceVersion "2"]
[SourceVersionDate "2009.07.15"]
[SourceQuality "1"]

1. e4 e6 2. d4 d5 3. e5 f6 4. Nf3 fxe5 5. Nxe5 Bd6 6. Qh5+ g6 7. Nxg6 Nf6 8. Qh4 Rg8 9. Ne5 Rg7 10. Bg5 Be7 11. Qh6 Rg8 12. Bxf6 Bxf6 13. Qxh7 Rf8 14. Qg6+ Rf7 15. Qxf7# 1-0

[Event "GER-ch Net qual2 U14"]
[Site "Playchess.com INT"]
[Date "2009.05.13"]
[Round "5"]
[White "Werwitzke, Jasper"]
[Black "Walberer, Marcel"]
[Result "1-0"]
[WhiteElo "1349"]
[BlackElo "1261"]
[PlyCount "97"]
[EventDate "2009.05.13"]
[EventType "swiss (blitz)"]
[EventRounds "7"]
[EventCountry "GER"]
[SourceTitle "CBM 130 Extra"]
[Source "ChessBase"]
[SourceDate "2009.07.02"]
[SourceVersion "2"]
[SourceVersionDate "2009.07.15"]
[SourceQuality "1"]

1. e4 e5 2. Nf3 Nc6 3. Bc4 Nf6 4. d3 Bc5 5. 0-0 0-0 6. Nc3 Nd4 7. Be3 Nxf3+ 8. Qxf3 Bxe3 9. Qxe3 b6 10. Nd5 Nxd5 11. Bxd5 c6 12. Bb3 c5 13. f4 exf4 14. Rxf4 Rb8 15. Raf1 Bb7 16. Qf3 Qe8 17. Rxf7 Rxf7 18. Bxf7+ Kf8 19. Bxe8+ Kxe8 20. Qf7+ Kd8 21. Qf8+ Kc7 22. Qxg7 Ba6 23. Qxh7 c4 24. Rf7 Rd8 25. d4 b5 26. g4 b4 27. g5 b3 28. axb3 cxb3 29. cxb3 Bd3 30. Re7 Bc2 31. b4 Bb3 32. g6 Bg8 33. Qg7 Bb3 34. h4 Bc4 35. h5 Bd3 36. e5 Kc8 37. h6 Bc4 38. h7 d6 39. Rc7+ Kb8 40. Rxc4 a6 41. Qc7+ Ka8 42. Qxd8+ Ka7 43. Qd7+ Ka8 44. g7 Kb8 45. Qxd6+ Ka7 46. Qc7+ Ka8 47. Qc8+ Ka7 48. Rc7+ Kb6 49. Qb7# 1-0